[Event "IECG CP.2003.P.00020 email"]
[Site "IECG email"]
[Date "2003.10.01"]
[Round "?"]
[White "Winfrey, Harley"]
[Black "Quadri, Sergio Fabian"]
[Result "0-1"]
[WhiteElo "888"]
[BlackElo "1966"]
[PlyCount "66"]
[EventDate "2003.10.01"]
[EventType "tourn (corr)"]
[EventRounds "6"]
[EventCountry "GER"]
[SourceTitle "Corr 2008"]
[Source "ChessBase"]
[SourceDate "2008.06.24"]
[SourceVersion "1"]
[SourceVersionDate "2008.06.24"]
[SourceQuality "1"]

1. d4 Nf6 2. Nc3 d5 3. g3 Bf5 4. Bg2 e6 5. Bf4 Bd6 6. Qd2 0-0 7. Nf3 Bxf4 8. Qxf4 Bxc2 9. 0-0 Nc6 10. b3 Qd6 11. Qxd6 cxd6 12. Rac1 Bg6 13. Rfe1 Rac8 14. a4 a6 15. e3 Nb4 16. Nh4 Nd3 17. Rcd1 Nxe1 18. Rxe1 Rxc3 19. Nxg6 hxg6 20. Rb1 Rfc8 21. b4 Rc1+ 22. Rxc1 Rxc1+ 23. Bf1 Ne4 24. Kg2 Rxf1 25. Kxf1 Nc3 26. a5 Na2 27. Ke2 Nxb4 28. Kd2 Nc6 29. Kc3 Nxa5 30. Kb4 Nc4 31. h4 b5 32. Kc3 a5 33. Kb3 a4+ 0-1

[Event "IECG WC.2006.P.00015 email"]
[Site "IECG email"]
[Date "2003.01.22"]
[Round "?"]
[White "Heesen, Jos HW"]
[Black "Quadri, Sergio Fabian"]
[Result "1/2-1/2"]
[WhiteElo "1878"]
[BlackElo "2063"]
[PlyCount "69"]
[EventDate "2003.01.22"]
[EventType "tourn (corr)"]
[EventRounds "10"]
[SourceTitle "Corr 2008"]
[Source "ChessBase"]
[SourceDate "2008.06.24"]
[SourceVersion "1"]
[SourceVersionDate "2008.06.24"]
[SourceQuality "1"]

1. e4 e5 2. Nf3 Nc6 3. c3 Nf6 4. d4 Nxe4 5. d5 Ne7 6. Nxe5 Ng6 7. Nc4 Bc5 8. Be3 0-0 9. Nbd2 Qe7 10. Nxe4 Qxe4 11. Qd3 Qxd3 12. Bxd3 Bxe3 13. Nxe3 d6 14. Bxg6 hxg6 15. Kd2 Bd7 16. Rae1 Rfe8 17. b3 Re7 18. Nc4 Rae8 19. Rxe7 Rxe7 20. Re1 Kf8 21. h4 Rxe1 22. Kxe1 Ke7 23. Ne3 Kf6 24. f4 c6 25. g4 cxd5 26. Ke2 Ke6 27. Kd3 b5 28. Kd4 Bc6 29. Nc2 a5 30. a3 f6 31. Ne3 f5 32. g5 Bb7 33. b4 a4 34. Kd3 Bc6 35. Nc2 1/2-1/2

[Event "IECG WC.2006.P.00015 email"]
[Site "IECG email"]
[Date "2003.01.22"]
[Round "?"]
[White "Quadri, Sergio Fabian"]
[Black "Pecotic, Kuzma"]
[Result "0-1"]
[WhiteElo "2063"]
[BlackElo "1910"]
[PlyCount "126"]
[EventDate "2003.01.22"]
[EventType "tourn (corr)"]
[EventRounds "10"]
[SourceTitle "Corr 2008"]
[Source "ChessBase"]
[SourceDate "2008.06.24"]
[SourceVersion "1"]
[SourceVersionDate "2008.06.24"]
[SourceQuality "1"]

1. d4 Nf6 2. c4 e6 3. Nc3 Bb4 4. Qc2 0-0 5. a3 Bxc3+ 6. Qxc3 b6 7. Bg5 Bb7 8. e3 c5 9. dxc5 bxc5 10. Nf3 Nc6 11. Bd3 h6 12. Bh4 d6 13. 0-0 g5 14. Bg3 Nh5 15. b4 Nxg3 16. hxg3 g4 17. Nd2 Ne5 18. Bc2 Qc7 19. e4 a6 20. b5 axb5 21. cxb5 Qa5 22. Qxa5 Rxa5 23. a4 Rfa8 24. f4 gxf3 25. gxf3 d5 26. Rfe1 Nd7 27. exd5 Bxd5 28. Ne4 Nb6 29. Rab1 c4 30. Nc5 Bxf3 31. Nxe6 Nxa4 32. Nd4 Bb7 33. Re7 Nc3 34. Rf1 Bd5 35. b6 Rb8 36. Ra7 Ra2 37. Rxa2 Nxa2 38. Rb1 Kg7 39. Nf5+ Kf6 40. Nxh6 Be6 41. g4 Nc3 42. Rb4 Ke5 43. g5 Kd4 44. g6 fxg6 45. Bxg6 Kc5 46. Rb2 Nb5 47. Nf5 Rxb6 48. Ne3 c3 49. Rg2 Nd4 50. Bd3 Rd6 51. Kf2 Bb3 52. Rg5+ Kb4 53. Rg6 Ne6 54. Nc2+ Bxc2 55. Bxc2 Rd2+ 56. Ke3 Rxc2 57. Rxe6 Rd2 58. Rb6+ Ka3 59. Rb8 Rd7 60. Rc8 Kb2 61. Rb8+ Kc1 62. Ke2 c2 63. Rb6 Re7+ 0-1

[Event "IECG WC.2006.P.00015 email"]
[Site "IECG email"]
[Date "2003.01.22"]
[Round "?"]
[White "Quadri, Sergio Fabian"]
[Black "Viklund, Lars"]
[Result "0-1"]
[WhiteElo "2063"]
[BlackElo "1713"]
[PlyCount "104"]
[EventDate "2003.01.22"]
[EventType "tourn (corr)"]
[EventRounds "10"]
[SourceTitle "Corr 2008"]
[Source "ChessBase"]
[SourceDate "2008.06.24"]
[SourceVersion "1"]
[SourceVersionDate "2008.06.24"]
[SourceQuality "1"]

1. e4 c5 2. Nf3 Nc6 3. Bb5 a6 4. Bxc6 dxc6 5. h3 e5 6. 0-0 Bd6 7. d3 Nf6 8. a4 b5 9. c4 b4 10. Be3 0-0 11. Nbd2 Qe7 12. Nb3 Be6 13. Qe2 Rfd8 14. Ng5 Bd7 15. Rad1 h6 16. Nf3 Nh7 17. Rfe1 Re8 18. Nh2 Ng5 19. Bxg5 hxg5 20. Nf1 g6 21. g4 Kg7 22. Ng3 Rh8 23. Kg2 Rh6 24. Rh1 Rah8 25. Qe3 f6 26. Rdg1 Be6 27. Rd1 Kg8 28. Qf3 Rh4 29. Ne2 Kf8 30. Rdg1 Ke8 31. Rd1 Kd7 32. Ng3 Qf8 33. Rdg1 Kc7 34. Rd1 Kb7 35. Na5+ Ka7 36. Nb3 Bc8 37. Rdg1 Qe7 38. Rd1 Ka8 39. Rdg1 R8h7 40. Rd1 Qf8 41. Qe3 Qh6 42. Nxc5 Rxh3 43. Nxa6 Bxg4 44. Rdg1 f5 45. Qb6 Be2 46. Nxe2 Rxh1 47. Qxc6+ Ka7 48. Kf1 Qh3+ 49. Ke1 Qxd3 50. exf5 Qb1+ 51. Kd2 Rxg1 52. Nxg1 Qxg1 0-1

[Event "IECG CP.2001.Q.00020 email"]
[Site "IECG email"]
[Date "2002.10.04"]
[Round "?"]
[White "Quadri, Sergio Fabian"]
[Black "Malmstroem, Jan"]
[Result "1/2-1/2"]
[WhiteElo "2061"]
[BlackElo "1917"]
[PlyCount "68"]
[EventDate "2002.10.01"]
[EventType "tourn (corr)"]
[EventRounds "10"]
[EventCountry "POL"]
[SourceTitle "Corr 2008"]
[Source "ChessBase"]
[SourceDate "2008.06.24"]
[SourceVersion "1"]
[SourceVersionDate "2008.06.24"]
[SourceQuality "1"]

1. e4 e5 2. Nf3 Nc6 3. Bc4 Nf6 4. d3 Bc5 5. Nc3 h6 6. 0-0 a6 7. Be3 Bxe3 8. fxe3 d6 9. Nd5 Bg4 10. Qe1 Nxd5 11. Bxd5 Qd7 12. d4 0-0 13. Qc3 Rae8 14. Rae1 Nd8 15. Nh4 c6 16. Bb3 Ne6 17. Qd3 Qd8 18. Nf5 Ng5 19. h3 Bh5 20. c3 Bg6 21. dxe5 d5 22. exd5 Rxe5 23. Rf4 cxd5 24. Bxd5 Rfe8 25. Rd1 Nxh3+ 26. gxh3 Qg5+ 27. Rg4 Rxf5 28. Bxb7 Rb5 29. Qd4 Qxe3+ 30. Qxe3 Rxe3 31. Rb4 Rg5+ 32. Kf2 Rxh3 33. Bxa6 Rh2+ 34. Ke3 Rh3+ 1/2-1/2

[Event "IECG CP.2001.Q.00020 email"]
[Site "IECG email"]
[Date "2002.10.01"]
[Round "?"]
[White "Gessenich, Daniel"]
[Black "Quadri, Sergio Fabian"]
[Result "0-1"]
[WhiteElo "1859"]
[BlackElo "2061"]
[PlyCount "46"]
[EventDate "2002.10.01"]
[EventType "tourn (corr)"]
[EventRounds "10"]
[EventCountry "POL"]
[SourceTitle "Corr 2008"]
[Source "ChessBase"]
[SourceDate "2008.06.24"]
[SourceVersion "1"]
[SourceVersionDate "2008.06.24"]
[SourceQuality "1"]

1. d4 Nf6 2. Nc3 e6 3. e4 d5 4. e5 Nfd7 5. Nf3 c5 6. Nb5 Nc6 7. c3 a6 8. Nd6+ Bxd6 9. exd6 0-0 10. Bg5 f6 11. Bf4 Qb6 12. Qd2 cxd4 13. cxd4 Kh8 14. Rd1 e5 15. Bg3 Re8 16. Be2 e4 17. Ng1 Nf8 18. Bh5 g6 19. Be2 Bf5 20. Bh4 Kg7 21. g4 Bd7 22. g5 f5 23. Bg3 Ne6 0-1

[Event "IECG CP.2001.Q.00020 email"]
[Site "IECG email"]
[Date "2002.10.01"]
[Round "?"]
[White "Quadri, Sergio Fabian"]
[Black "Coulombier, Stephane"]
[Result "1/2-1/2"]
[WhiteElo "2061"]
[BlackElo "2250"]
[PlyCount "84"]
[EventDate "2002.10.01"]
[EventType "tourn (corr)"]
[EventRounds "10"]
[EventCountry "POL"]
[SourceTitle "Corr 2008"]
[Source "ChessBase"]
[SourceDate "2008.06.24"]
[SourceVersion "1"]
[SourceVersionDate "2008.06.24"]
[SourceQuality "1"]

1. Nf3 d6 2. d4 Bg4 3. c4 Nd7 4. Qb3 Rb8 5. Be3 c6 6. Nc3 Ngf6 7. Nd2 Qa5 8. d5 e5 9. f3 Bf5 10. Bf2 e4 11. g4 Bg6 12. g5 Nh5 13. Ndxe4 Bxe4 14. fxe4 Be7 15. Rg1 h6 16. gxh6 Rxh6 17. Bh3 Nc5 18. Qc2 Nf6 19. Bf5 g6 20. a3 gxf5 21. b4 Qa6 22. bxc5 Qxc4 23. Rc1 fxe4 24. dxc6 bxc6 25. cxd6 Bxd6 26. Qd2 Bf8 27. Bxa7 Ra8 28. Qf4 Nh5 29. Qe5+ Re6 30. Qd4 Qxd4 31. Bxd4 Nf4 32. Rg4 Ng6 33. Rxe4 Rxa3 34. Rxe6+ fxe6 35. Ne4 Ra4 36. e3 e5 37. Rxc6 Ne7 38. Nd6+ Kd7 39. Rc4 Rxc4 40. Nxc4 exd4 41. exd4 Bg7 42. Ne5+ Ke6 1/2-1/2

[Event "IECG CP.2000.S.00002 email"]
[Site "IECG email"]
[Date "2002.10.01"]
[Round "?"]
[White "Quadri, Sergio Fabian"]
[Black "Krensing, Jan"]
[Result "0-1"]
[WhiteElo "2061"]
[BlackElo "2150"]
[PlyCount "96"]
[EventDate "2002.10.01"]
[EventType "tourn (corr)"]
[EventRounds "6"]
[EventCountry "GER"]
[SourceTitle "Corr 2008"]
[Source "ChessBase"]
[SourceDate "2008.06.24"]
[SourceVersion "1"]
[SourceVersionDate "2008.06.24"]
[SourceQuality "1"]

1. e4 c5 2. Nf3 Nc6 3. Bb5 d6 4. 0-0 Bd7 5. c3 Nf6 6. Re1 a6 7. Bf1 Bg4 8. d3 e6 9. Bg5 Be7 10. Nbd2 h6 11. Be3 d5 12. h3 Bh5 13. Qb3 0-0 14. e5 Nd7 15. c4 d4 16. Bf4 Qc7 17. a4 Qb8 18. g4 Bg6 19. Bg2 Bd8 20. Bg3 Bc7 21. Nh4 Ndxe5 22. Nxg6 Nxg6 23. Bxc6 Bxg3 24. Qxb7 Qf4 25. fxg3 Qxd2 26. Rad1 Qc2 27. Qxa8 Rxa8 28. Bxa8 Ne5 29. Be4 g6 30. a5 Qxb2 31. Bg2 Qb3 32. Be4 Qc3 33. Rf1 Qxa5 34. Rb1 Qd2 35. Rb8+ Kg7 36. Rb7 a5 37. Ra7 a4 38. Kh1 h5 39. gxh5 gxh5 40. Kg1 Qg5 41. Kh2 Kh6 42. Bg2 Qd2 43. Rxa4 Qxd3 44. Ra8 Qe2 45. Rh8+ Kg7 46. Rc8 Qxc4 47. Re1 Nd3 48. Re2 Nf4 0-1

[Event "IECG CA.2002.0.00060 email"]
[Site "IECG email"]
[Date "2002.07.16"]
[Round "?"]
[White "Quadri, Sergio Fabian"]
[Black "Smith, Douglas Royston"]
[Result "1-0"]
[WhiteElo "2072"]
[BlackElo "2007"]
[PlyCount "75"]
[EventDate "2002.07.16"]
[EventType "tourn (corr)"]
[EventRounds "6"]
[SourceTitle "Corr 2008"]
[Source "ChessBase"]
[SourceDate "2008.06.24"]
[SourceVersion "1"]
[SourceVersionDate "2008.06.24"]
[SourceQuality "1"]

1. d4 d5 2. c4 e6 3. Nc3 c5 4. cxd5 cxd4 5. Qxd4 Nc6 6. Qd1 exd5 7. Qxd5 Bd7 8. Nf3 Nf6 9. Qd1 Bc5 10. e3 Qe7 11. a3 0-0-0 12. Qc2 Kb8 13. Be2 g5 14. b4 g4 15. Nd2 Bb6 16. Nc4 Bc7 17. Bb2 Rhg8 18. 0-0-0 Ne5 19. Nd5 Nxd5 20. Rxd5 Nxc4 21. Bxc4 Be6 22. Rxd8+ Rxd8 23. Bxe6 Qxe6 24. Kb1 h6 25. Rc1 Rc8 26. g3 f5 27. Qc4 Qd7 28. Bd4 h5 29. Qc5 b6 30. Qc6 Qf7 31. Kb2 Rd8 32. Rc2 Rd5 33. a4 Qd7 34. Qxd7 Rxd7 35. Rc6 Rd6 36. Rxd6 Bxd6 37. Kc3 Kc7 38. Kc4 1-0

[Event "IECG WC.2001.F.00003 email"]
[Site "IECG email"]
[Date "2001.12.15"]
[Round "?"]
[White "Furman, Slavomir"]
[Black "Quadri, Sergio Fabian"]
[Result "0-1"]
[WhiteElo "1923"]
[BlackElo "2074"]
[PlyCount "82"]
[EventDate "2001.12.15"]
[EventType "tourn (corr)"]
[EventRounds "10"]
[SourceTitle "Corr 2008"]
[Source "ChessBase"]
[SourceDate "2008.06.24"]
[SourceVersion "1"]
[SourceVersionDate "2008.06.24"]
[SourceQuality "1"]

1. d4 f5 2. g3 Nf6 3. Bg2 e6 4. Nf3 Be7 5. 0-0 0-0 6. c4 d5 7. b3 Nc6 8. Ba3 Nb4 9. Ne5 a5 10. Nd2 c5 11. e3 cxd4 12. exd4 dxc4 13. Ndxc4 Nbd5 14. Bb2 b5 15. Nc6 Qc7 16. N4e5 Bd6 17. Rc1 Qb6 18. a3 Bb7 19. Qe2 Rfe8 20. Rc2 b4 21. a4 Ba6 22. Nd3 Rac8 23. Rfc1 Ne4 24. Nce5 Nec3 25. Bxc3 Rxc3 26. Nc4 Qxd4 27. Bxd5 Qxd5 28. Rxc3 bxc3 29. Nf4 Bxf4 30. gxf4 Bb7 31. f3 Qd4+ 32. Kg2 Qxf4 33. Rxc3 Ba6 34. Qe5 Qg5+ 35. Kf2 Bxc4 36. Rxc4 Qd2+ 37. Kg3 Re7 38. Rc5 Qd1 39. Qe3 f4+ 40. Kxf4 Rf7+ 41. Ke4 Qd7 0-1

[Event "IECG WC.2001.F.00003 email"]
[Site "IECG email"]
[Date "2001.12.15"]
[Round "?"]
[White "Petrov, Milen Stoyanov"]
[Black "Quadri, Sergio Fabian"]
[Result "0-1"]
[WhiteElo "2077"]
[BlackElo "2074"]
[PlyCount "50"]
[EventDate "2001.12.15"]
[EventType "tourn (corr)"]
[EventRounds "10"]
[SourceTitle "Corr 2008"]
[Source "ChessBase"]
[SourceDate "2008.06.24"]
[SourceVersion "1"]
[SourceVersionDate "2008.06.24"]
[SourceQuality "1"]

1. e4 c5 2. Nf3 d6 3. d4 cxd4 4. Nxd4 Nf6 5. Nc3 g6 6. Be3 Bg7 7. f3 Nc6 8. Qd2 0-0 9. 0-0-0 d5 10. Qe1 e6 11. h4 Qc7 12. h5 Nxh5 13. g4 Nxd4 14. Bxd4 Bxd4 15. Rxd4 Qf4+ 16. Kb1 Qxf3 17. Qh4 Qf6 18. gxh5 Qxd4 19. hxg6 h6 20. Qxh6 Qg7 21. gxf7+ Rxf7 22. Qh2 Qh7 23. Qg3+ Rg7 24. Qf3 dxe4 25. Nxe4 Qf5 0-1

[Event "IECG WC.2001.F.00003 email"]
[Site "IECG email"]
[Date "2001.12.15"]
[Round "?"]
[White "Quadri, Sergio Fabian"]
[Black "Kharitonov, Aleksandr Alekseevi"]
[Result "0-1"]
[WhiteElo "2074"]
[BlackElo "2036"]
[PlyCount "88"]
[EventDate "2001.12.15"]
[EventType "tourn (corr)"]
[EventRounds "10"]
[SourceTitle "Corr 2008"]
[Source "ChessBase"]
[SourceDate "2008.06.24"]
[SourceVersion "1"]
[SourceVersionDate "2008.06.24"]
[SourceQuality "1"]

1. d4 d5 2. c4 dxc4 3. Nf3 a6 4. e3 Nf6 5. Bxc4 e6 6. 0-0 c5 7. Bb3 b5 8. a4 b4 9. Nbd2 Bb7 10. e4 Be7 11. e5 Nd5 12. dxc5 Nd7 13. Ne4 Nxc5 14. Nxc5 Bxc5 15. Bg5 Qa5 16. Rc1 h6 17. Bd2 Nb6 18. Qe2 0-0 19. Ne1 Rfd8 20. Nd3 Bf8 21. Rfd1 Nxa4 22. Be3 Bd5 23. Bxd5 Rxd5 24. Qc2 Qb5 25. Nf4 Rxe5 26. Qc7 Nxb2 27. Rd7 Rf5 28. Nxe6 fxe6 29. Bd4 e5 30. Bxb2 Qe2 31. Rf1 a5 32. Bc1 Ra6 33. Be3 Raf6 34. h3 a4 35. Rc1 Rxf2 36. Bxf2 Rxf2 37. Qc4+ Qxc4 38. Rxc4 Rf4 39. Rc8 b3 40. Rb7 Kh7 41. Rcc7 a3 42. Rxb3 a2 43. Rc1 Bc5+ 44. Kh2 Bd4 0-1

[Event "IECG CP.2001.P.00030"]
[Site "IECG email"]
[Date "2001.10.01"]
[Round "?"]
[White "Quadri, Sergio Fabian"]
[Black "Furman, Slavomir"]
[Result "1/2-1/2"]
[WhiteElo "2050"]
[BlackElo "1919"]
[PlyCount "104"]
[EventDate "2001.10.01"]
[EventType "tourn (corr)"]
[EventRounds "6"]
[SourceTitle "Corr 2008"]
[Source "ChessBase"]
[SourceDate "2008.06.24"]
[SourceVersion "1"]
[SourceVersionDate "2008.06.24"]
[SourceQuality "1"]

1. e4 e6 2. d4 d5 3. Nc3 Nf6 4. Bg5 Bb4 5. e5 h6 6. Bd2 Bxc3 7. bxc3 Ne4 8. Qg4 g6 9. Bc1 Nxc3 10. Bd3 c5 11. dxc5 Qa5 12. Bd2 Qa4 13. h3 Ne4 14. Ne2 Nxc5 15. Qf3 Nbd7 16. 0-0 Qh4 17. Qe3 Qh5 18. f4 Qh4 19. Bb5 b6 20. Bb4 0-0 21. c4 dxc4 22. Rac1 Qe7 23. Rfd1 a5 24. Ba3 Rd8 25. Qe4 Ra7 26. Qxc4 Rc7 27. Nc3 Bb7 28. Na4 Qh4 29. Qe2 Rcc8 30. Bxd7 Nxd7 31. Rxc8 Bxc8 32. Qd3 Re8 33. Qe3 b5 34. Nc5 Nxc5 35. Bxc5 Bb7 36. Rd7 Bc6 37. Ra7 a4 38. Rc7 Bd5 39. a3 Qh5 40. Qd3 Qf5 41. Qxf5 gxf5 42. Kf2 Kg7 43. g3 Rg8 44. Be7 Kg6 45. Bd6 f6 46. Ke3 fxe5 47. Bxe5 h5 48. h4 Bc4 49. Rd7 Kh6 50. Kf2 Kg6 51. Ke3 Bd5 52. Rc7 b4 1/2-1/2

[Event "IECG CP.2000.Q.00034"]
[Site "IECG email"]
[Date "2001.10.01"]
[Round "?"]
[White "Wolff, Christoph"]
[Black "Quadri, Sergio Fabian"]
[Result "0-1"]
[WhiteElo "2127"]
[BlackElo "2050"]
[PlyCount "68"]
[EventDate "2001.10.01"]
[EventType "tourn (corr)"]
[EventRounds "6"]
[SourceTitle "Corr 2008"]
[Source "ChessBase"]
[SourceDate "2008.06.24"]
[SourceVersion "1"]
[SourceVersionDate "2008.06.24"]
[SourceQuality "1"]

1. e4 e5 2. Nf3 Nf6 3. d4 Nxe4 4. Bd3 d5 5. Nxe5 Nd7 6. Qe2 Qe7 7. Bxe4 dxe4 8. Bf4 Nxe5 9. Bxe5 Bf5 10. Nc3 0-0-0 11. 0-0-0 Qe6 12. Qe3 f6 13. Bg3 h5 14. h4 Bb4 15. d5 Qb6 16. Rd4 Bd6 17. Bxd6 Qxd6 18. Nxe4 Bxe4 19. Qxe4 Rhe8 20. Qf5+ Qd7 21. Qxh5 Re5 22. Qg4 Rxd5 23. Qxd7+ R8xd7 24. Rxd5 Rxd5 25. Re1 Rh5 26. Re7 Rxh4 27. Rxg7 Rh1+ 28. Kd2 Rf1 29. f3 Rg1 30. Kd3 b6 31. g4 Rg3 32. Ke4 Rg2 33. Kf5 Rxc2 34. f4 Rxb2 0-1

[Event "IECG CA.2001.0.00011"]
[Site "IECG email"]
[Date "2001.07.25"]
[Round "?"]
[White "Muller, Henry"]
[Black "Quadri, Sergio Fabian"]
[Result "1-0"]
[WhiteElo "2114"]
[BlackElo "2052"]
[PlyCount "77"]
[EventDate "2001.07.25"]
[EventType "tourn (corr)"]
[EventRounds "6"]
[SourceTitle "Corr 2008"]
[Source "ChessBase"]
[SourceDate "2008.06.24"]
[SourceVersion "1"]
[SourceVersionDate "2008.06.24"]
[SourceQuality "1"]

1. e4 d5 2. exd5 Qxd5 3. Nc3 Qa5 4. d4 Nf6 5. Nf3 Bg4 6. h3 Bxf3 7. Qxf3 c6 8. Bd2 e6 9. Bc4 Qc7 10. 0-0-0 Nbd7 11. g4 Nb6 12. Bb3 h6 13. h4 0-0-0 14. g5 hxg5 15. hxg5 Rxh1 16. Rxh1 Nfd5 17. Ne4 e5 18. dxe5 Qxe5 19. Re1 Qc7 20. a3 Qd7 21. Ba5 Re8 22. Rd1 Qe7 23. Bxb6 axb6 24. Bxd5 cxd5 25. Nc3 Qxg5+ 26. Kb1 Qg6 27. Nxd5 Kb8 28. Qf4+ Bd6 29. Qa4 Qe4 30. Qb3 Bc5 31. Qg3+ Ka7 32. Qxg7 Bxf2 33. Qxf7 Rd8 34. Rd3 Bc5 35. Nc3 Qe1+ 36. Ka2 Rxd3 37. cxd3 Qe3 38. Nb5+ Ka6 39. Nc7+ 1-0

[Event "IECG CA.2001.0.00011"]
[Site "IECG email"]
[Date "2001.07.25"]
[Round "?"]
[White "Quadri, Sergio Fabian"]
[Black "Zhitnikov, Andrew"]
[Result "1/2-1/2"]
[WhiteElo "2052"]
[BlackElo "2110"]
[PlyCount "50"]
[EventDate "2001.07.25"]
[EventType "tourn (corr)"]
[EventRounds "6"]
[SourceTitle "Corr 2008"]
[Source "ChessBase"]
[SourceDate "2008.06.24"]
[SourceVersion "1"]
[SourceVersionDate "2008.06.24"]
[SourceQuality "1"]

1. Nf3 Nf6 2. d4 g6 3. Nc3 d5 4. Bf4 Bg7 5. e3 0-0 6. Be2 c5 7. Ne5 cxd4 8. exd4 Qb6 9. 0-0 Nc6 10. Nxc6 Qxc6 11. Re1 Bf5 12. Bd3 Bxd3 13. Qxd3 Nh5 14. Bg5 e6 15. Ne2 Rac8 16. c3 Nf6 17. Bxf6 Bxf6 18. Qf3 Bg7 19. Nf4 b5 20. Nd3 a5 21. Ne5 Qd6 22. Qe3 b4 23. Rac1 bxc3 24. Rxc3 Rxc3 25. Qxc3 Qb4 1/2-1/2

[Event "IECG L1.2001.0.00020 email"]
[Site "IECG email"]
[Date "2001.02.18"]
[Round "?"]
[White "Quadri, Sergio Fabian"]
[Black "Speisser, Patrick"]
[Result "1-0"]
[WhiteElo "2047"]
[BlackElo "2156"]
[PlyCount "99"]
[EventDate "2001.02.18"]
[EventType "tourn (corr)"]
[EventRounds "12"]
[SourceTitle "Corr 2008"]
[Source "ChessBase"]
[SourceDate "2008.06.24"]
[SourceVersion "1"]
[SourceVersionDate "2008.06.24"]
[SourceQuality "1"]

1. b3 d5 2. e3 e5 3. d4 e4 4. c4 c6 5. Nc3 Nf6 6. Nge2 Bd6 7. Ng3 h5 8. cxd5 cxd5 9. Bb5+ Bd7 10. Nge2 Bxb5 11. Nxb5 Qa5+ 12. Nbc3 Nc6 13. Bd2 Qd8 14. 0-0 Bxh2+ 15. Kxh2 Ng4+ 16. Kh3 Qd7 17. Qb1 h4 18. f3 Nxe3+ 19. Kh2 Qd6+ 20. Kh1 h3 21. g3 Nxf1 22. Qxf1 exf3 23. Qxf3 Rd8 24. Re1 Kf8 25. Rf1 Qd7 26. Bg5 Re8 27. Nf4 Nxd4 28. Qd3 Ne6 29. Ng6+ Kg8 30. Nxd5 Nc5 31. Qc4 b5 32. Nge7+ Rxe7 33. Nxe7+ Qxe7 34. Bxe7 bxc4 35. Bxc5 cxb3 36. axb3 a6 37. Ra1 Rh6 38. Kh2 f5 39. Be3 Re6 40. Bf4 Kf7 41. Kxh3 g6 42. Kh4 Kf6 43. Rd1 Rb6 44. Rd6+ Rxd6 45. Bxd6 g5+ 46. Kh5 g4 47. b4 Ke6 48. Bf4 Kf6 49. Kh6 Kf7 50. Kg5 1-0

[Event "IECG CP.2000.P.00089"]
[Site "IECG email"]
[Date "2000.10.01"]
[Round "?"]
[White "Wood, Martin W"]
[Black "Quadri, Sergio Fabian"]
[Result "0-1"]
[WhiteElo "2281"]
[BlackElo "2056"]
[PlyCount "74"]
[EventDate "2000.10.01"]
[EventType "tourn (corr)"]
[EventRounds "6"]
[EventCountry "ARG"]
[SourceTitle "Corr 2008"]
[Source "ChessBase"]
[SourceDate "2008.06.24"]
[SourceVersion "1"]
[SourceVersionDate "2008.06.24"]
[SourceQuality "1"]

1. e4 e5 2. Nf3 Nf6 3. d4 Nxe4 4. Bd3 d5 5. Nxe5 Be7 6. 0-0 0-0 7. c4 c6 8. cxd5 cxd5 9. Bxe4 dxe4 10. Nc3 Bf5 11. Be3 Nd7 12. Re1 Nxe5 13. dxe5 Bb4 14. Qb3 Qa5 15. a3 Bxc3 16. Qxc3 Qxc3 17. bxc3 Rfd8 18. Rab1 b6 19. Red1 Rd3 20. Rxd3 exd3 21. Bd2 Re8 22. Re1 Kf8 23. f3 Ke7 24. g4 Bd7 25. Bg5+ Ke6 26. f4 Kd5 27. f5 Rxe5 28. Rxe5+ Kxe5 29. Kf2 Ke4 30. Bd2 Kd5 31. Ke3 Kc4 32. Ke4 Ba4 33. h4 Bc2 34. Ke5 Kb3 35. g5 Kxa3 36. Kd4 a5 37. h5 g6 0-1